Регионална библиотека "Любен Каравелов" - Русе

Химия на звездите (Запис номер 173134)

MARC детайли
000 -Лидер
Контролно поле с фиксирана дължина 01495nam a2200325 c 4500
003 - Код на организацията, давaща контролен номер
Контролно поле BLK
005 - Дата и час на последна редакция
Контролно поле 20220603155100.0
008 - Елементи от данни с фиксирана дължина
fixed length control field 180411b bul|||||r ||||||| ||bul||
010 ## - Наследен системен номер
LC control number KNG00181515000
040 ## - Източник на каталожния запис
Идентификатор на билиотеката - собственик на записа BLK
041 ## - Код за език
Код за езика на текст/звукозапис или на отделно заглавие Български
Код за езика КДБФ Български
080 ## - УДК
Текстов определител УДК Звезди и звездни системи. Вселена - Космически лъчи, междузвездно пространство, Галактика, Млечен път, космология, извънгалактически системи
УДК код - определител по УДК 524
УДК - код + определител 524
080 ## - УДК
Текстов определител УДК Химия. Кристалография. Минералогия. Вж и 577.1; 66; 612.015; 631.41
УДК код - определител по УДК 54
УДК определител :524
УДК - код + определител 54:524
100 1# - Редна дума - Автор
Автор Славчев, Дончо
Авторска отговорност първи автор
Автор - информация (биография) Донев, Дончо Славчев
R(LIN) 339441
139 ## - Редно поле
Редна дума Славчев, Дончо
245 10 - Сведения за заглавието
Заглавие Химия на звездите
Редно поле (дума) Д. Славчев; * Дончо Славчев Донев.
257 ## - Страна на издаване
Страна на създаване/издаване България
260 ## - Област на издателските данни
Място на издаване, разпространение и проч. София
Име на издателя, разпространителя и проч. Наука и изкуство
Година на издаване 1966
300 ## - Физическа характеристика
Страници 92 с.
Илюстрации и др. с ил.
Размери/Мащаб 20 см
380 ## - Жанр
Жанр Естествени науки. Математика
500 ## - Общи забележки
Забележка Пълното име на авт. е Дончо Славчев Донев. - 3 080 тир.
650 #4 - Допълнително описание по предмет – тема
Основно описание – тема или топоним Звезди
9 (RLIN) 155877
650 #4 - Допълнително описание по предмет – тема
Основно описание – тема или топоним Химически вещества
9 (RLIN) 338376
653 #7 - Ключова дума – ненормативна
9 (RLIN) 186886
Ключова дума звезди
653 #7 - Ключова дума – ненормативна
9 (RLIN) 199967
Ключова дума химия
700 1# - Други автори (авторска отговорност)
Лично име Донев, Дончо Славчев
Автороска отговорност (Описва отношението между автора и произведението) *
9 (RLIN) 339442
852 ## - Местоположение
Форматна сигнатура Цб 39791
Фондова буква Хранилище
999 ## - СИСТЕМНИ КОНТРОЛНИ НОМЕРА
Koha biblionumber 173134
Koha biblioitemnumber 173134
942 ## - АРТИКУЛИ
Вид на библиотечния материал Книги
Скрит в OPAC Не
Периодичен библиозапис Да
944 ## - СЪЗДАВАНЕ И РЕДАКЦИЯ на ЗАПИСА
Създаване/Редакция Създаване
Дата на регистрацията/редакция 11.09.2015
Служител, извършил регистрацията/редакцията Кети_Илиева
944 ## - СЪЗДАВАНЕ И РЕДАКЦИЯ на ЗАПИСА
Създаване/Редакция Редакция
Дата на регистрацията/редакция 28.09.2017
Служител, извършил регистрацията/редакцията Вася_Ганчева
944 ## - СЪЗДАВАНЕ И РЕДАКЦИЯ на ЗАПИСА
Създаване/Редакция Редакция
Дата на регистрацията/редакция 2022-06-03
Служител, извършил регистрацията/редакцията СТ
999 ## - СИСТЕМНИ КОНТРОЛНИ НОМЕРА
Koha biblioitemnumber 173134
Наличности
Код за отписване Код за изгубен артикул Източник на класификационната схема Код за повреда Коз за рестрикции Код за отдаване Артикулен № Име на библиотеката - собственик Име на библиотеката, в която се намира в момента Статус (Текущо местоположение) Дата на вписване в системата Местоположение - отдел Цена в лева Инвентарен номер Систематично азбучна сигнатура Баркод Номер на екземпляра Цена в евро Служебна бележка Служебен тип на артикула Бележка за публиката
  Не е изгубен Universal Decimal Classification Не е повреден без рестрикции ползва се в читалня 295694 Регионална библиотека "Любен Каравелов" Русе Регионална библиотека "Любен Каравелов" Русе Хранилище 1966-01-01 Хранилище 0.30 509/67 Цб 39791 900000098637 1 0.15 Вид: Сф Дата: 01.01.1966 Книги  
Изтеглен Не е изгубен Universal Decimal Classification Не е повреден без рестрикции заемане за дома 295695 Регионална библиотека "Любен Каравелов" Русе Регионална библиотека "Любен Каравелов" Русе Заемна - подръчен фонд 1966-01-01 Заемна - подръчен фонд   2551/67 П 524/С 44 2551/67 2 0.00 Вид: Сф Дата: 01.01.1966 Книги  
Изтеглен Не е изгубен Universal Decimal Classification Не е повреден без рестрикции заемане за дома 295696 Регионална библиотека "Любен Каравелов" Русе Регионална библиотека "Любен Каравелов" Русе Заемна - подръчен фонд 1966-01-01 Заемна - подръчен фонд   2552/67 П 524/С 44 2552/67 3 0.00 Вид: Сф Дата: 01.01.1966 Книги  
Изтеглен Не е изгубен   Не е повреден без рестрикции заемане за дома 295697 Регионална библиотека "Любен Каравелов" Русе Регионална библиотека "Любен Каравелов" Русе   1966-01-01 Детски отдел 0.30 2627/67 ДН 52/С 44 2627/67 4 0.15 Вид: Сф Дата: 01.01.1966 Дата инв: 01.10.2015 Бележки инв: Д2015 Книги Отч.N: 40/2017 , Дата: 07.09.2017
Vip Innovations Ltd, Rousse, Bulgaria 2025